Paroles - Un, deux, Astérix ! - Statistiques

Statistiques générales
  • Ce quiz a été pris 58 fois
  • Le résultat moyen est 7 sur 15
Statistiques - réponses
Paroles % Correct
Astérix
90%
Astérix
90%
Un
86%
deux
80%
est
46%
est
46%
quatre
44%
trois
44%
cinq
38%
six
36%
il
28%
il
28%
horrible
14%
horrible
14%
nul
8%
Aucun quiz correspondant
Distribution des résultats
% des personnes avec chaque résultat
Percentile par nombre de réponses
Votre historique - résultats
Vous n’avez pas pris ce quiz